Music Quiz

Random Music or Famous Quiz

Famous MC's/Rappers Quiz Stats

Quiz not verified by Sporcle

Challenge
Share
Tweet
Embed
Score 0/25 Timer 05:00
0 Plays Today
Famous Song Name of Rapper % Correct
In Da Club50 Cent
85.1%
Jesus WalksKanye West
80.6%
Dear Mama2pac
79.2%
Ass Like ThatEminem
74.7%
Nuthin' but a 'G' ThangDr. Dre
73.4%
X Gon' Give It to YaDMX
66.1%
What's My Name?Snoop Doggy Dog
65.7%
I Believe I Can FlyR. Kelly
61.2%
JuicyNotorius B.I.G.
58.5%
Dead Presidents IIJay Z
56.4%
The World Is YoursNas
47.4%
Just a FriendBiz Markie
42.9%
Check Yo SelfIce Cube
35.6%
Famous Song Name of Rapper % Correct
I Used To Love H.E.R.Common
33.2%
I Need LoveLL Cool J
32.5%
Can't Nobody Hold Me DownP. Diddy
29.4%
The MessageGrandmaster Flash
29.1%
Bust A MoveYoung MC
27%
Gone Till NovemberWyclef Jean
25.6%
Bed Time StorySlick Rick
25.3%
The BreaksKurtis Blow
23.2%
Lyrics of FuryRakim
19%
Feel So GoodMase
18.7%
Planet RockAfrika Bambaataa
17.3%
Cold Rock a PartyMC Lyte
5.2%

You're not logged in!

Compare scores with friends on all Sporcle quizzes.
Join for Free
OR
Log In

You Might Also Like...

Show Comments

Extras

Created Dec 20, 2009ReportNominate
Tags:Famous Quiz, Song Quiz, rapper

Top Quizzes Today


Score Distribution

Your Account Isn't Verified!

In order to create a playlist on Sporcle, you need to verify the email address you used during registration. Go to your Sporcle Settings to finish the process.

Report this User

Report this user for behavior that violates our Community Guidelines.

Details: